000 00646nas a2200229 4500
001 BR7704603
003 BR-BrBNA
005 20231205083233.0
007 ta
008 230509b bl.|||p| |||| 00| 00por d
040 _aBR-BrBNA
_bpor
_cBiblioteca Nacional de Agricultura
041 _a(Pt)
072 _aH60
100 1 _aForster, R.
100 1 _aAlves, A.
245 1 _aEliminacao correta das ervas daninhas [herbicida]
650 _aHERBICIDA
650 _aCONTROLE QUIMICO
773 0 _tGranja (Brazil)
_xISSN 0367-505X
_g(Apr 1977), v. 33(351) p. 16-65
_wBR7704603
909 _a202311
_bLúcia
_c55
_dLúcia Elande
942 _2AGRIS
_n0
_cANA
999 _c97371
_d97371